[Event "Catalunya-chT Gp1"]
[Site "Barcelona"]
[Date "2024.02.17"]
[Round "5.3"]
[White "Alonso Arburu, Juan Ignacio"]
[Black "Garcia Ramos, Daniel"]
[Result "1-0"]
[WhiteElo "2357"]
[BlackElo "2436"]
[PlyCount "53"]
[EventDate "2024.01.20"]
[EventType "team-tourn"]
[EventRounds "7"]
[EventCountry "ESP"]
[SourceTitle "CB11_2024"]
[SourceDate "2024.03.13"]
[SourceVersion "1"]
[SourceVersionDate "2024.03.13"]
[SourceQuality "1"]
[WhiteTeam "Cerdanyola Valles"]
[BlackTeam "Colon Sabadell"]
[WhiteTeamCountry "ESP"]
[BlackTeamCountry "ESP"]

1. e4 c6 2. d4 d5 3. Nc3 dxe4 4. Nxe4 Nf6 5. Nxf6+ exf6 6. c3 Bd6 7. Bd3 0-0 8. Qc2 Re8+ 9. Ne2 h5 10. 0-0 h4 11. h3 Nd7 12. Bd2 Nf8 13. Rae1 g6 14. f4 Bc7 15. f5 g5 16. Qd1 Nh7 17. Nc1 Rxe1 18. Rxe1 Qd6 19. Re8+ Kg7 20. Qh5 Qh2+ 21. Kf1 Qh1+ 22. Ke2 Qxg2+ 23. Kd1 Bf4 24. Bxf4 gxf4 25. Re7 Ng5 26. Qg6+ Kf8 27. Rxf7+ 1-0

[Event "Catalunya-chT Gp1"]
[Site "Barcelona"]
[Date "2024.02.10"]
[Round "4.3"]
[White "Eugene, Floryan"]
[Black "Alonso Arburu, Juan Ignacio"]
[Result "1-0"]
[WhiteElo "2398"]
[BlackElo "2357"]
[PlyCount "83"]
[EventDate "2024.01.20"]
[EventType "team-tourn"]
[EventRounds "7"]
[EventCountry "ESP"]
[SourceTitle "CB11_2024"]
[SourceDate "2024.03.13"]
[SourceVersion "1"]
[SourceVersionDate "2024.03.13"]
[SourceQuality "1"]
[WhiteTeam "Mollet"]
[BlackTeam "Cerdanyola Valles"]
[WhiteTeamCountry "ESP"]
[BlackTeamCountry "ESP"]

1. e4 e6 2. d4 d5 3. e5 c5 4. c3 Nc6 5. Nf3 Nh6 6. Bd3 Nf5 7. dxc5 Nh4 8. Nxh4 Qxh4 9. Qe2 Bxc5 10. Nd2 f6 11. g3 Qh3 12. exf6 0-0 13. Nf3 gxf6 14. Rg1 Ne5 15. Be3 Bxe3 16. Qxe3 Nxd3+ 17. Qxd3 e5 18. g4 e4 19. Qxd5+ Kh8 20. Rg3 Qh6 21. Qd2 Qxd2+ 22. Nxd2 f5 23. gxf5 Bxf5 24. Nb3 Bg6 25. Rd1 Rf4 26. Nd4 Rd8 27. Rd2 Rd6 28. Ke2 Rh4 29. h3 Rf6 30. Ke3 Kg7 31. c4 a6 32. Ne2 Kh6 33. c5 a5 34. Rd6 Rf5 35. c6 bxc6 36. Rxc6 Rf3+ 37. Rxf3 exf3 38. Nf4 a4 39. Kxf3 Kg7 40. Kg3 Rh6 41. Nxg6 a3 42. b4 1-0

[Event "San Cristobal de La Laguna op 2nd"]
[Site "San Cristobal de la Laguna"]
[Date "2019.09.07"]
[Round "8"]
[White "Alonso Arburu, Juan Ignacio"]
[Black "Guerrero Vargas, Andres Jesus"]
[Result "1-0"]
[WhiteElo "2395"]
[BlackElo "2342"]
[PlyCount "75"]
[EventDate "2019.08.31"]
[EventType "swiss"]
[EventRounds "9"]
[EventCountry "ESP"]
[SourceTitle "EXT 2020"]
[Source "ChessBase"]
[SourceDate "2019.10.17"]
[SourceVersion "1"]
[SourceVersionDate "2019.10.17"]
[SourceQuality "1"]

1. e4 c5 2. Nf3 e6 3. d4 cxd4 4. Nxd4 Nc6 5. Nb5 d6 6. c4 Nf6 7. N1c3 a6 8. Na3 Qa5 9. Bd2 Be7 10. Be2 0-0 11. Nc2 Qc7 12. 0-0 Rd8 13. Ne3 Nd4 14. Bd3 b5 15. cxb5 axb5 16. Nc2 Nxc2 17. Nxb5 Qb8 18. Qxc2 d5 19. Bc3 Ba6 20. a4 Qf4 21. Bxf6 Bxf6 22. exd5 exd5 23. Bxh7+ Kh8 24. Bf5 g6 25. Bh3 Kg7 26. Ra3 Rab8 27. Qc6 Bb7 28. Qc2 d4 29. Qd3 Rh8 30. Qg3 Qd2 31. Nd6 Bd5 32. a5 Rxb2 33. a6 Rh5 34. Nf5+ Kh7 35. Bg4 Rg5 36. h4 Rxf5 37. Bxf5 gxf5 38. a7 1-0

[Event "Lanzarote op"]
[Site "Lanzarote"]
[Date "2019.06.30"]
[Round "9"]
[White "Alonso Arburu, Juan Ignacio"]
[Black "Kantans, Toms"]
[Result "1/2-1/2"]
[WhiteElo "2404"]
[BlackElo "2508"]
[PlyCount "102"]
[EventDate "2019.06.24"]
[EventType "swiss"]
[EventRounds "9"]
[EventCountry "ESP"]
[SourceTitle "CBM 191 Extra"]
[Source "ChessBase"]
[SourceDate "2019.09.30"]
[SourceVersion "1"]
[SourceVersionDate "2019.09.30"]
[SourceQuality "1"]

1. e4 c5 2. Nf3 e6 3. d4 cxd4 4. Nxd4 Nc6 5. Nb5 d6 6. c4 Nf6 7. N1c3 a6 8. Na3 Be7 9. Be2 b6 10. 0-0 Bb7 11. Be3 0-0 12. Qb3 Nd7 13. Rad1 Nc5 14. Qc2 Bf6 15. Nab1 Qc7 16. a3 Ne5 17. f4 Ng6 18. b4 Nd7 19. Qd2 Be7 20. e5 Nh4 21. exd6 Qc6 22. Rf2 Bd8 23. b5 Qc8 24. bxa6 Rxa6 25. Nb5 Nf6 26. N1c3 Qa8 27. Nc7 Bxc7 28. dxc7 Nf5 29. Bd4 Rxa3 30. Bxf6 gxf6 31. Nb5 Ra2 32. Qd8 Ne3 33. Rd3 Rxe2 34. Rxe2 Qa1+ 35. Kf2 Ng4+ 36. Kg3 Qf1 37. Nd6 Qxe2 38. Nxb7 h5 39. c8Q Qe1+ 40. Kh3 Nf2+ 41. Kh4 Nxd3+ 42. g3 Rxd8 43. Qxd8+ Kg7 44. Nd6 Qc3 45. Qe7 Nxf4 46. Qxf7+ Kh6 47. Qf8+ Kh7 48. Qf7+ Kh6 49. Qf8+ Kh7 50. Qe7+ Kg6 51. Qf7+ Kh6 1/2-1/2

[Event "San Sebastian op 42nd"]
[Site "San Sebastian"]
[Date "2019.04.13"]
[Round "1"]
[White "Arocena Uria, Jaime"]
[Black "Alonso Arburu, Juan Ignacio"]
[Result "0-1"]
[WhiteElo "1783"]
[BlackElo "2341"]
[PlyCount "38"]
[EventDate "2019.04.13"]
[EventType "swiss"]
[EventRounds "9"]
[EventCountry "ESP"]
[SourceTitle "CBM 189 Extra"]
[Source "ChessBase"]
[SourceDate "2019.06.03"]
[SourceVersion "1"]
[SourceVersionDate "2019.06.03"]
[SourceQuality "1"]

1. e4 e5 2. Nf3 Nc6 3. Bc4 Bc5 4. c3 Qe7 5. 0-0 d6 6. b4 Bb6 7. a4 a6 8. a5 Ba7 9. b5 Nb8 10. d4 Nf6 11. dxe5 dxe5 12. Ng5 0-0 13. b6 cxb6 14. Ba3 Qc7 15. Bxf8 Qxc4 16. Qd8 Nc6 17. Qd6 h6 18. Nf3 Nxe4 19. Qa3 Bg4 0-1

[Event "Euskadi-chT (Vasca) Div Honor"]
[Site "Bergara"]
[Date "2019.01.19"]
[Round "2.4"]
[White "Alonso Arburu, Juan Ignacio"]
[Black "Narciso Dublan, Marc"]
[Result "1/2-1/2"]
[WhiteElo "2306"]
[BlackElo "2486"]
[PlyCount "106"]
[EventDate "2019.01.12"]
[EventType "team-tourn"]
[EventRounds "9"]
[EventCountry "ESP"]
[SourceTitle "EXT 2021"]
[Source "ChessBase"]
[SourceDate "2020.10.23"]
[SourceVersion "1"]
[SourceVersionDate "2020.10.23"]
[SourceQuality "1"]
[WhiteTeam "Batalla"]
[BlackTeam "San Juan"]
[WhiteTeamCountry "ESP"]
[BlackTeamCountry "ESP"]

1. d4 d6 2. g3 g6 3. Bg2 Bg7 4. Nf3 f5 5. 0-0 Nf6 6. c4 0-0 7. Nc3 c6 8. Qd3 Na6 9. Rb1 Qe8 10. Rd1 e5 11. dxe5 dxe5 12. Qd6 Ng4 13. h3 e4 14. hxg4 exf3 15. exf3 fxg4 16. f4 Bf5 17. Ra1 Bc2 18. Rd2 Qe1+ 19. Bf1 Rad8 20. Qxd8 Rxd8 21. Rxd8+ Kf7 22. Rd7+ Kg8 23. Rd8+ Kf7 24. Rd7+ Kg8 25. Rd2 Bxc3 26. bxc3 Bf5 27. Re2 Qd1 28. Bb2 Qd6 29. c5 Nxc5 30. c4 Kf7 31. Be5 Qd8 32. Re3 h5 33. Be2 h4 34. Rd1 Qa5 35. Bd6 hxg3 36. Re7+ Kf6 37. Re5 gxf2+ 38. Kg2 b6 39. Be7+ Kf7 40. Bg5 Be6 41. Bxg4 f1Q+ 42. Kxf1 Bxc4+ 43. Kg1 Bd5 44. Rde1 Qc3 45. Re7+ Kg8 46. Kh2 Qh8+ 47. Kg3 Qc3+ 48. R1e3 Qa1 49. Re1 Qc3+ 50. Kh4 Qh8+ 51. Kg3 Qc3+ 52. R1e3 Qa1 53. Re1 Qc3+ 1/2-1/2

[Event "San Sebastian op 41st"]
[Site "San Sebastian"]
[Date "2018.03.25"]
[Round "2"]
[White "Alonso Arburu, Juan Ignacio"]
[Black "Sanchez Ruesga, Carlos"]
[Result "0-1"]
[WhiteElo "2397"]
[BlackElo "1925"]
[PlyCount "84"]
[EventDate "2018.03.24"]
[EventType "swiss"]
[EventRounds "9"]
[EventCountry "ESP"]
[SourceTitle "CBM 183 Extra"]
[Source "ChessBase"]
[SourceDate "2018.04.19"]
[SourceVersion "1"]
[SourceVersionDate "2018.04.19"]
[SourceQuality "1"]

1. b3 d5 2. Bb2 Nf6 3. Nf3 g6 4. c4 c6 5. e3 Bg7 6. Ne5 0-0 7. d4 Nbd7 8. Nxd7 Bxd7 9. Bd3 Bf5 10. 0-0 Qd6 11. h3 Rfe8 12. Nc3 a6 13. Bxf5 gxf5 14. Qf3 e6 15. c5 Qc7 16. Na4 Ne4 17. Rad1 Ng5 18. Qh5 Ne4 19. Bc1 Kh8 20. Nb6 Rad8 21. Rfe1 Rg8 22. Qh4 Bf6 23. Qf4 Qe7 24. Kh2 Bh4 25. g3 Nxg3 26. fxg3 Bxg3+ 27. Qxg3 Rxg3 28. Kxg3 Rg8+ 29. Kf3 Qh4 30. Ke2 Rg2+ 31. Kd3 Qe4+ 32. Kc3 Qc2+ 33. Kb4 Qxa2 34. Ba3 Rh2 35. Na4 a5+ 36. Kxa5 Qxa3 37. Ra1 Qxb3 38. Reb1 Qxe3 39. Rxb7 Qxd4 40. Ra3 Rg2 41. Ka6 Rg8 42. Ka7 f4 0-1

[Event "Catalunya-chT GpB final"]
[Site "Barcelona"]
[Date "2018.03.17"]
[Round "2.2"]
[White "Vidal Zamora, Alex"]
[Black "Alonso Arburu, Juan Ignacio"]
[Result "1-0"]
[WhiteElo "2354"]
[BlackElo "2403"]
[PlyCount "81"]
[EventDate "2018.03.10"]
[EventType "team-tourn"]
[EventRounds "4"]
[EventCountry "ESP"]
[SourceTitle "CBM 183 Extra"]
[Source "ChessBase"]
[SourceDate "2018.04.19"]
[SourceVersion "1"]
[SourceVersionDate "2018.04.19"]
[SourceQuality "1"]
[WhiteTeam "Olot"]
[BlackTeam "St Cugat"]
[WhiteTeamCountry "ESP"]
[BlackTeamCountry "ESP"]

1. d4 g6 2. c4 Bg7 3. Nc3 d6 4. Nf3 Nd7 5. g3 e5 6. Bg2 exd4 7. Nxd4 Ngf6 8. 0-0 0-0 9. b3 Re8 10. Bb2 Nc5 11. Qc2 c6 12. Rad1 Qb6 13. Bc1 Ng4 14. h3 Ne5 15. Kh2 f5 16. Nf3 Nf7 17. Be3 Qc7 18. Bd4 Bh6 19. e3 a5 20. Ne2 a4 21. b4 Ne6 22. Ba1 a3 23. Ned4 Ng7 24. Qb3 Nh5 25. Nc2 g5 26. Rfe1 g4 27. Nfd4 gxh3 28. Bxh3 Ng5 29. Bxf5 c5 30. Bxc8 Qxc8 31. Rh1 cxd4 32. Nxd4 Bg7 33. c5+ Kf8 34. Kg2 Bxd4 35. Rxd4 dxc5 36. bxc5 Qc6+ 37. Qd5 Ng7 38. Rf4+ Ke7 39. Bf6+ Qxf6 40. Rxf6 Kxf6 41. Rh6+ 1-0

[Event "Catalunya-chT Gp2"]
[Site "Barcelona"]
[Date "2018.02.17"]
[Round "5.2"]
[White "Alonso Arburu, Juan Ignacio"]
[Black "Demuth, Adrien"]
[Result "1/2-1/2"]
[WhiteElo "2403"]
[BlackElo "2538"]
[PlyCount "87"]
[EventDate "2018.01.20"]
[EventType "team-tourn"]
[EventRounds "7"]
[EventCountry "ESP"]
[SourceTitle "EXT 2019"]
[Source "ChessBase"]
[SourceDate "2018.10.10"]
[SourceVersion "1"]
[SourceVersionDate "2018.10.10"]
[SourceQuality "1"]
[WhiteTeam "St Cugat"]
[BlackTeam "Mollet"]
[WhiteTeamCountry "ESP"]
[BlackTeamCountry "ESP"]

1. e4 c5 2. Nf3 d6 3. d4 cxd4 4. Nxd4 Nf6 5. Nc3 Nc6 6. Bg5 e6 7. Qd2 a6 8. 0-0-0 Nxd4 9. Qxd4 Be7 10. f4 b5 11. Bxf6 gxf6 12. f5 Qc7 13. Be2 Qc5 14. fxe6 fxe6 15. Qxc5 dxc5 16. Bh5+ Kf8 17. Rhf1 Ra7 18. e5 f5 19. g4 Kg7 20. gxf5 exf5 21. Rg1+ Kh6 22. Bf3 Rd8 23. Nd5 Bh4 24. Nb6 Be6 25. a4 Rg7 26. Rxg7 Kxg7 27. Rxd8 Bxd8 28. a5 Bc7 29. Bb7 Bxe5 30. Bxa6 Bxh2 31. Bc8 Kf6 32. a6 Bb8 33. Nd7+ Bxd7 34. Bxd7 b4 35. c3 bxc3 36. bxc3 h5 37. Kd2 h4 38. Ke3 Ke5 39. c4 f4+ 40. Kf3 Kd4 41. Be6 h3 42. Bxh3 Kxc4 43. a7 Bxa7 44. Kxf4 1/2-1/2

[Event "Catalunya-chT Gp2"]
[Site "Barcelona"]
[Date "2018.02.10"]
[Round "4.2"]
[White "Gual Pascual, Antonio"]
[Black "Alonso Arburu, Juan Ignacio"]
[Result "0-1"]
[WhiteElo "2389"]
[BlackElo "2403"]
[PlyCount "90"]
[EventDate "2018.01.20"]
[EventType "team-tourn"]
[EventRounds "7"]
[EventCountry "ESP"]
[SourceTitle "CBM 182 Extra"]
[Source "ChessBase"]
[SourceDate "2018.02.23"]
[SourceVersion "1"]
[SourceVersionDate "2018.02.23"]
[SourceQuality "1"]
[WhiteTeam "Cerdanyola Valles"]
[BlackTeam "St Cugat"]
[WhiteTeamCountry "ESP"]
[BlackTeamCountry "ESP"]

1. d4 Nf6 2. c4 g6 3. f3 Nc6 4. d5 Ne5 5. e4 d6 6. Nc3 c6 7. f4 Ned7 8. Nh3 Bg7 9. Be2 cxd5 10. cxd5 0-0 11. Nf2 Nb6 12. Be3 e6 13. dxe6 Bxe6 14. 0-0 Nc4 15. Bd4 Rc8 16. Rb1 a6 17. g4 Ne8 18. g5 f6 19. gxf6 Nxf6 20. b3 Na3 21. Rc1 Ne8 22. Bxg7 Nxg7 23. Nd3 Nb5 24. Nxb5 Qb6+ 25. Kh1 axb5 26. Nb4 Rxc1 27. Qxc1 Qd4 28. Qe1 Qxe4+ 29. Bf3 Qxe1 30. Rxe1 Rxf4 31. Bd5 Kf7 32. Bxe6+ Nxe6 33. Nd5 Rf5 34. Rd1 g5 35. Kg1 h5 36. Rf1 Nf4 37. Ne3 Ne2+ 38. Kg2 Rxf1 39. Kxf1 Nc3 40. a3 Ke6 41. Ke1 d5 42. Kd2 Ne4+ 43. Kd3 Nc5+ 44. Kc3 Ke5 45. Nc2 Ne6 0-1

[Event "Euskadi-chT (Vasca) Div Honor"]
[Site "Bergara"]
[Date "2018.01.20"]
[Round "2.5"]
[White "Alonso Arburu, Juan Ignacio"]
[Black "Del Rio de Angelis, Salvador Gabriel"]
[Result "0-1"]
[WhiteElo "2397"]
[BlackElo "2511"]
[PlyCount "36"]
[EventDate "2018.01.13"]
[EventType "team-tourn"]
[EventRounds "9"]
[EventCountry "ESP"]
[SourceTitle "EXT 2020"]
[Source "ChessBase"]
[SourceDate "2019.10.17"]
[SourceVersion "1"]
[SourceVersionDate "2019.10.17"]
[SourceQuality "1"]
[WhiteTeam "Batalla"]
[BlackTeam "Sestao"]
[WhiteTeamCountry "ESP"]
[BlackTeamCountry "ESP"]

1. d4 Nf6 2. Nf3 g6 3. g3 Bg7 4. Bg2 0-0 5. 0-0 c6 6. c4 d6 7. Nc3 Bf5 8. Nh4 Be6 9. Qd3 d5 10. cxd5 cxd5 11. Bf4 Nc6 12. Qd2 Ne4 13. Bxe4 dxe4 14. d5 Bxc3 15. Qxc3 Qxd5 16. Rfd1 Qh5 17. Rd2 g5 18. Qc5 f5 0-1

[Event "Euskadi-chT (Vasca) Div Honor"]
[Site "Bergara"]
[Date "2016.01.16"]
[Round "2.5"]
[White "Alonso Arburu, Juan Ignacio"]
[Black "Reinaldo Castineira, Roi"]
[Result "1-0"]
[WhiteElo "2366"]
[BlackElo "2493"]
[PlyCount "84"]
[EventDate "2016.01.09"]
[EventType "team-tourn"]
[EventRounds "9"]
[EventCountry "ESP"]
[SourceTitle "EXT 2024"]
[Source "ChessBase"]
[SourceDate "2023.10.10"]
[SourceVersion "1"]
[SourceVersionDate "2023.10.10"]
[SourceQuality "1"]

1. d4 e6 2. c4 Nf6 3. Nc3 Bb4 4. Qc2 d5 5. a3 Bxc3+ 6. Qxc3 c5 7. dxc5 d4 8. Qc2 a5 9. e3 Nc6 10. Nf3 e5 11. exd4 e4 12. d5 exf3 13. dxc6 0-0 14. gxf3 Qe8+ 15. Be3 Qxc6 16. 0-0-0 Qxf3 17. Bd3 Bg4 18. Rde1 Bh5 19. Be2 Qh3 20. Bxh5 Qxh5 21. Rhg1 Rfe8 22. Bd4 Qxh2 23. Qf5 Rxe1+ 24. Rxe1 Re8 25. Rxe8+ Nxe8 26. Qe4 Nf6 27. Qxb7 Qf4+ 28. Kc2 h5 29. Bxf6 gxf6 30. Kb3 h4 31. c6 Qf3+ 32. Ka4 Kg7 33. Qd7 h3 34. c7 h2 35. c8Q h1Q 36. Qg4+ Qxg4 37. Qxg4+ Kh6 38. Qd4 Kg6 39. Kxa5 f5 40. Kb6 f6 41. c5 Qa8 42. Qd6 Qf3 1-0

[Event "Euskadi-chT (Vasca) Div Honor"]
[Site "Bergara"]
[Date "2015.01.24"]
[Round "3.3"]
[White "Sarralde Osua, Rodrigo"]
[Black "Alonso Arburu, Juan Ignacio"]
[Result "1-0"]
[WhiteElo "2361"]
[BlackElo "2352"]
[PlyCount "51"]
[EventDate "2015.01.10"]
[EventType "team-tourn"]
[EventRounds "9"]
[EventCountry "ESP"]
[SourceTitle "EXT 2024"]
[Source "ChessBase"]
[SourceDate "2023.10.10"]
[SourceVersion "1"]
[SourceVersionDate "2023.10.10"]
[SourceQuality "1"]

1. e4 e6 2. d3 d5 3. Nd2 Nf6 4. g3 dxe4 5. dxe4 Bc5 6. Bg2 e5 7. Ngf3 0-0 8. 0-0 Qe7 9. h3 Rd8 10. Re1 Nh5 11. Nh2 g6 12. Qf3 Nc6 13. c3 a5 14. Ndf1 Be6 15. Ne3 Rd6 16. Nhg4 Rad8 17. Nh6+ Kg7 18. Nef5+ Bxf5 19. Nxf5+ gxf5 20. Qxh5 Rg6 21. exf5 Rxg3 22. Kf1 Rgd3 23. Qh6+ Kg8 24. f6 Qf8 25. Qh4 Qd6 26. Bh6 1-0

[Event "Euskadi-Scotland m"]
[Site "Azkoitia"]
[Date "2014.11.29"]
[Round "2.3"]
[White "Mannion, Stephen R"]
[Black "Alonso Arburu, Juan Ignacio"]
[Result "1-0"]
[WhiteElo "2345"]
[BlackElo "2362"]
[PlyCount "95"]
[EventDate "2014.11.29"]
[EventType "team-match"]
[EventRounds "2"]
[EventCountry "ESP"]
[SourceTitle "EXT 2024"]
[Source "ChessBase"]
[SourceDate "2023.10.10"]
[SourceVersion "1"]
[SourceVersionDate "2023.10.10"]
[SourceQuality "1"]
[WhiteTeam "Scotland"]
[BlackTeam "Euskadi"]
[WhiteTeamCountry "SCO"]
[BlackTeamCountry "BAS"]

1. e4 e6 2. d4 d5 3. Nd2 Nf6 4. e5 Nfd7 5. c3 b6 6. Ngf3 Be7 7. Be2 0-0 8. 0-0 Ba6 9. Bxa6 Nxa6 10. Re1 c5 11. a3 b5 12. Nf1 Nb6 13. Ng3 Rc8 14. Nh5 Nb8 15. Qd3 a6 16. dxc5 Rxc5 17. Nd4 Na4 18. Rb1 Kh8 19. Qg3 Rg8 20. Qh3 Nc6 21. Be3 Nxe5 22. Nxe6 fxe6 23. Bxc5 Nxc5 24. Rxe5 Bd6 25. Re2 g6 26. Ng3 Nd3 27. Qxe6 Nf4 28. Qe3 Nxe2+ 29. Nxe2 Re8 30. Qd4+ Be5 31. Qd3 Qf6 32. Rd1 Kg7 33. g3 Rd8 34. Qe3 Rd7 35. Kg2 Qd6 36. Nd4 Re7 37. Qg5 Bxd4 38. Rxd4 Re5 39. Qf4 Qe6 40. Rd2 g5 41. Qd4 Kg6 42. h3 h5 43. b3 h4 44. g4 Kf7 45. Rd3 Kg6 46. Rf3 Re4 47. Qd3 Kg7 48. Rf5 1-0

[Event "Euskadi-chT (Vasca) Div Honor"]
[Site "Bergara"]
[Date "2012.03.10"]
[Round "9.3"]
[White "Edouard, Romain"]
[Black "Alonso Arburu, Juan Ignacio"]
[Result "1-0"]
[WhiteElo "2616"]
[BlackElo "2364"]
[PlyCount "95"]
[EventDate "2012.01.14"]
[EventType "team-tourn"]
[EventRounds "9"]
[EventCountry "ESP"]
[SourceTitle "EXT 2024"]
[Source "ChessBase"]
[SourceDate "2023.10.10"]
[SourceVersion "1"]
[SourceVersionDate "2023.10.10"]
[SourceQuality "1"]
[WhiteTeam "Sestao Naturgas Energia"]
[BlackTeam "Batalla"]
[WhiteTeamCountry "ESP"]
[BlackTeamCountry "ESP"]

1. e4 e5 2. Nf3 Nc6 3. Bb5 a6 4. Ba4 Nf6 5. 0-0 Be7 6. Re1 b5 7. Bb3 d6 8. c3 0-0 9. d4 Bg4 10. Be3 exd4 11. cxd4 Na5 12. Bc2 c5 13. h3 Bh5 14. d5 Nc4 15. Bc1 Nd7 16. g4 Bg6 17. Nbd2 Nxd2 18. Bxd2 Bf6 19. Rb1 Re8 20. Nh2 Bd4 21. Kg2 Nf6 22. f3 h5 23. Nf1 Ra7 24. Be3 hxg4 25. hxg4 Qb6 26. Qd2 Rae7 27. Bxd4 cxd4 28. Rbd1 Nxd5 29. Bb3 Nf6 30. Qxd4 Qxd4 31. Rxd4 Rd7 32. Red1 Red8 33. Ng3 Kf8 34. Rh1 Ke7 35. f4 d5 36. f5 dxe4 37. Rxd7+ Rxd7 38. fxg6 Rd2+ 39. Kh3 fxg6 40. Re1 Rxb2 41. Nxe4 a5 42. Nxf6+ Kxf6 43. Re6+ Kg5 44. Re5+ Kf6 45. Rxb5 a4 46. g5+ Ke7 47. Bc4 Rc2 48. Rb4 1-0

[Event "Basque-chT"]
[Site "Bergara"]
[Date "2012.02.18"]
[Round "6"]
[White "Alonso Arburu, Juan Ignacio"]
[Black "Mindeguia Guruceaga, Juan Jesus"]
[Result "1-0"]
[WhiteElo "2364"]
[BlackElo "2234"]
[PlyCount "41"]
[EventDate "2012.01.14"]
[EventType "team"]
[EventRounds "9"]
[EventCountry "ESP"]
[SourceTitle "EXT 2013"]
[Source "ChessBase"]
[SourceDate "2012.11.22"]
[SourceVersion "1"]
[SourceVersionDate "2012.11.22"]
[SourceQuality "1"]
[WhiteTeam "Batalla"]
[BlackTeam "Orvina"]
[WhiteTeamCountry "ESP"]
[BlackTeamCountry "ESP"]

1. d4 d5 2. Nf3 e6 3. Bf4 Bd6 4. Bg3 Nf6 5. e3 Bxg3 6. hxg3 Nbd7 7. c4 b6 8. cxd5 exd5 9. Nc3 Bb7 10. Bd3 Ne4 11. Rh4 Nxc3 12. bxc3 Qe7 13. Qa4 c6 14. c4 Qd6 15. cxd5 Qxd5 16. Bc4 Qd6 17. Ng5 0-0 18. Qc2 g6 19. Rxh7 Qf6 20. f4 b5 21. Bxf7+ 1-0

[Event "Basque-chT"]
[Site "Bergara"]
[Date "2012.01.28"]
[Round "3"]
[White "Alonso Arburu, Juan Ignacio"]
[Black "Franco Alonso, Alejandro"]
[Result "1/2-1/2"]
[WhiteElo "2364"]
[BlackElo "2449"]
[PlyCount "65"]
[EventDate "2012.01.14"]
[EventType "team"]
[EventRounds "9"]
[EventCountry "ESP"]
[SourceTitle "EXT 2013"]
[Source "ChessBase"]
[SourceDate "2012.11.22"]
[SourceVersion "1"]
[SourceVersionDate "2012.11.22"]
[SourceQuality "1"]
[WhiteTeam "Batalla"]
[BlackTeam "Gros Xake Taldea"]
[WhiteTeamCountry "ESP"]
[BlackTeamCountry "ESP"]

1. d4 d5 2. c4 e6 3. Nf3 Nf6 4. Nc3 Be7 5. e3 0-0 6. Qc2 c5 7. dxc5 Bxc5 8. a3 Be7 9. cxd5 exd5 10. Bd3 Nc6 11. 0-0 Bg4 12. Nd4 Re8 13. h3 Bh5 14. Nxc6 bxc6 15. Ne2 Qb6 16. Nf4 Bg6 17. Nxg6 hxg6 18. Bd2 a5 19. Rfc1 c5 20. Bc3 c4 21. Be2 Ne4 22. Bd4 Bc5 23. Rd1 Rab8 24. Rab1 Bxd4 25. Rxd4 Nf6 26. Bf3 Qb3 27. Qxb3 Rxb3 28. Rc1 Rb5 29. Rc2 Reb8 30. Rdd2 g5 31. g4 Rc5 32. Kg2 Rb3 33. Rc3 1/2-1/2

[Event "ESP-ch Autonomicas"]
[Site "Gijon"]
[Date "2011.04.30"]
[Round "2.3"]
[White "Alonso Arburu, Juan Ignacio"]
[Black "Garcia Castro, Pablo"]
[Result "0-1"]
[WhiteElo "2367"]
[BlackElo "2399"]
[PlyCount "74"]
[EventDate "2011.04.29"]
[EventType "team-swiss"]
[EventRounds "6"]
[EventCountry "ESP"]
[SourceTitle "CBM 142 Extra"]
[Source "ChessBase"]
[SourceDate "2011.06.27"]
[SourceVersion "1"]
[SourceVersionDate "2011.06.27"]
[SourceQuality "1"]
[WhiteTeam "Pais Vasco"]
[BlackTeam "Galicia"]
[WhiteTeamCountry "ESP"]
[BlackTeamCountry "ESP"]

1. d4 g6 2. c4 Bg7 3. Nc3 c5 4. d5 Bxc3+ 5. bxc3 f5 6. h4 d6 7. h5 Qa5 8. Qb3 gxh5 9. Nh3 Nd7 10. Nf4 Ngf6 11. f3 Nb6 12. e3 Bd7 13. Bd2 0-0-0 14. Bd3 Kb8 15. Kf2 Ka8 16. Rh4 Rb8 17. Rah1 Qa6 18. Ke2 Rhc8 19. a3 Be8 20. Rb1 Bg6 21. Qa2 Nbd7 22. Rhh1 Ne5 23. a4 Nxd3 24. Kxd3 Nd7 25. Rb5 Be8 26. Ne6 Nb6 27. Ra1 Bxb5 28. cxb5 c4+ 29. Ke2 Qa5 30. e4 fxe4 31. fxe4 Nd7 32. Rh1 Nc5 33. Nxc5 Rxc5 34. Rxh5 Rg8 35. Rxh7 Rcc8 36. Rxe7 Qd8 37. Re6 Rxg2+ 0-1

[Event "Euskadi-chT (Vasca) Div Honor"]
[Site "Bergara"]
[Date "2011.02.12"]
[Round "6"]
[White "Prie, Eric"]
[Black "Alonso Arburu, Juan Ignacio"]
[Result "0-1"]
[WhiteElo "2525"]
[BlackElo "2367"]
[PlyCount "90"]
[EventDate "2011.01.08"]
[EventType "team-tourn"]
[EventRounds "9"]
[EventCountry "ESP"]
[SourceTitle "EXT 2024"]
[Source "ChessBase"]
[SourceDate "2023.10.10"]
[SourceVersion "1"]
[SourceVersionDate "2023.10.10"]
[SourceQuality "1"]

1. d4 Nf6 2. Bf4 g6 3. e3 Bg7 4. Nf3 0-0 5. Be2 d6 6. 0-0 Nbd7 7. h3 b6 8. a4 a6 9. c4 c6 10. Nc3 Qc7 11. Bh2 Bb7 12. Qc2 Rfe8 13. b4 c5 14. Rab1 cxd4 15. exd4 e5 16. d5 Nxd5 17. cxd5 e4 18. Nd2 Qxc3 19. Qxc3 Bxc3 20. Nc4 Bxd5 21. Nxd6 Re7 22. Rfd1 Nf6 23. b5 a5 24. g4 h6 25. Bc4 e3 26. fxe3 Be4 27. Rbc1 Bb2 28. Nxe4 Nxe4 29. Rc2 Ba3 30. Bd5 Rf8 31. Rc6 Bc5 32. Rxg6+ Kh7 33. Rc6 Nc3 34. Rd3 Rxe3 35. Rxc3 Rxc3+ 36. Kg2 Rd8 37. Be4+ Kg8 38. Bf4 Rc4 39. Kf3 Re8 40. Rg6+ Kh8 41. Rxh6+ Kg7 42. Rh7+ Kg8 43. Bf5 Rc3+ 44. Kg2 Re2+ 45. Kh1 Rf3 0-1

[Event "Euskadi-chT (Vasca) Div Honor"]
[Site "Bergara"]
[Date "2011.01.08"]
[Round "1"]
[White "Hamdouchi, Hicham"]
[Black "Alonso Arburu, Juan Ignacio"]
[Result "1-0"]
[WhiteElo "2592"]
[BlackElo "2367"]
[PlyCount "115"]
[EventDate "2011.01.08"]
[EventType "team-tourn"]
[EventRounds "9"]
[EventCountry "ESP"]
[SourceTitle "EXT 2024"]
[Source "ChessBase"]
[SourceDate "2023.10.10"]
[SourceVersion "1"]
[SourceVersionDate "2023.10.10"]
[SourceQuality "1"]

1. e4 d5 2. exd5 Qxd5 3. Nc3 Qa5 4. d4 c6 5. Bc4 Nf6 6. Bd2 Qc7 7. Qe2 Bf5 8. 0-0-0 e6 9. Nf3 Nbd7 10. Nh4 Bg6 11. Nxg6 hxg6 12. h4 0-0-0 13. Bg5 Re8 14. Kb1 Kb8 15. g3 Bd6 16. Qf3 Rhf8 17. Bb3 a6 18. g4 e5 19. Bxf6 Nxf6 20. g5 Nd7 21. Qd3 Re7 22. Rhe1 Rfe8 23. d5 c5 24. Ne4 Ka7 25. c4 Rb8 26. Rc1 Rg8 27. Ba4 Nb6 28. Bd1 Rh8 29. Rh1 Ree8 30. Bg4 Rd8 31. h5 gxh5 32. Bxh5 Rhf8 33. Bg4 Rh8 34. Qf3 Rxh1 35. Qxh1 Bf8 36. Qf3 Nc8 37. Bxc8 Rxc8 38. Rh1 b5 39. Qd3 bxc4 40. Qxc4 Rb8 41. Rc1 f5 42. gxf6 gxf6 43. Nxc5 Bxc5 44. Qxc5+ Qxc5 45. Rxc5 Rb5 46. Rc7+ Kb6 47. Rc6+ Ka5 48. Rxf6 Rxd5 49. Kc2 Kb5 50. a4+ Kxa4 51. Rxa6+ Kb5 52. Re6 Kc4 53. Rc6+ Kd4 54. b4 Rd8 55. Kb3 e4 56. b5 Kd3 57. Rf6 Kd4 58. Rf5 1-0